000 00521cam a2200193ua 4500
001 786
005 20260515113226.0
008 110420n ii |||gr||||Z||||||eng
040 _cMAIN
082 _a342.54
245 1 _aCitizens guide to our constitution and government.
_cBy R. K. Ramadhyani.
250 _a1st.
260 _aDelhi.:
_bAtma Ram & sons.,963.
300 _aix, 232 p.:
_c20 cm.
653 _aPolitical science.
653 _aOur constitution and government.
700 _aRamadhyani, R K.,
942 _cBK
999 _c712
_d712